000 00663nam a2200253Ia 4500
003 OSt
005 20220918163203.0
006 a|||||r|||| 00| 0
007 ta
008 220917b |||||||| |||| 00| 0 eng d
020 _a0 14 00.5593 2
024 _a29,568
037 _cTextual
040 _aARTS
_cARTS
_beng
041 _2eng
_aeng
082 _aO11196,3N23,4, L9
100 _aGordimer Nadine
_911834
245 0 _aBurger's daughter
260 _aLondon
_bPenguin UK
_c1979
300 _a361p.
_ccm.
650 _aENGLISH LITERATURE
942 _hO11196,3N23,4, L9
_cTEXL
_2CC
999 _c118287
_d118287